[Event "LL Nord Bremen-Nord -Werder 3"]
[Site "?"]
[Date "2019.11.24"]
[Round "3.4"]
[White "Doescher, Thorsten"]
[Black "Buchal, Stephan"]
[Result "1/2-1/2"]
[WhiteElo "2043"]
[BlackElo "2248"]
[Annotator "Stephan"]
[PlyCount "167"]

{100 Min. / 40 Züge + 50 Min. / Rest + 30 Sek.} 1. c4 g6 2. Nc3 Bg7 3. d4 d6
4. Nf3 Nf6 5. Bg5 h6 {101 - 98. So richtig hatte ich die Variante nicht parat.
Mir war nur klar, dass ich den Schwarzfelder haben will.} 6. Bh4 Nbd7 7. e3 g5
8. Bg3 Nh5 9. Be2 {Und jetzt wusste ich nicht, ob ich mit ...e6, ... Sdf6 oder
...c5 fortsetzen soll. Ich erinnerte mich dunkel, dass Bologan in so einem
Stellungstyp ..c5 empfiehlt, um gleich die schwarzen Felder anzugreifen.
Besonders nachhalitig ist der Angriff allerdings nicht.} c5 10. Qc2 {Er spielt
immer die Hauptzüge à tempo. War also gut vorbereitet.} cxd4 {92 - 74.} ({
Hier rechnete ich eine Weile an} 10... g4 {rum, aber das erschien mir dann
doch zu abenteuerlich mangels Entwicklung. Stockfish gibt dazu folgendes:} 11.
Nd2 Nxg3 12. hxg3 cxd4 13. exd4 h5 14. Nb3 Nb8 15. f3 a5 16. a4 $14) 11. Nxd4
Nxg3 12. hxg3 Nf6 13. O-O Bd7 14. Rac1 Rc8 15. Rfd1 Qa5 $6 {81 - 46. Das
gefiel mir im Nachhinein nicht so richtig und auch Stockfish möchte hier
lieber ... 0-0 oder ...Kf8 oder sogar ... h5 sehen. Jeweils mit leichtem
Vorteil für Weiß.} 16. Qb1 {ein schlauer Zug. Geht aus der c-Linie, bereitet
b4 vor und behält das Feld f5 im Auge - Sd4-f5 ist immer ein Thema.} g4 $6 {
etwas zu scharf gespielt. Natürlich macht Weiß jetzt erstmal der Dame die
Tür zum Königsflügel zu. Da5-g5 nebst h5--h4 ist eine echte Drohung.} 17.
Ncb5 a6 18. b4 Qb6 $2 (18... Qd8 $14) 19. Nc3 (19. c5 $1 {hatte ich wohl
gesehen, aber unterschätzt!} Qd8 (19... dxc5 $2 20. bxc5 Rxc5 21. Rxc5 Qxc5
22. Rc1 Qe5 23. Nc7+ Kf8 24. Qxb7 Kg8 25. Nxa6 $18) 20. c6 $1 bxc6 21. Na7 Rc7
22. Naxc6 Qa8 23. b5 axb5 24. Bxb5 Rb7 25. a4 $18) 19... h5 20. a4 a5 {48 - 24}
21. bxa5 Qxa5 22. Ncb5 $2 (22. Qxb7 h4 23. gxh4 g3 24. Nd5 $1 gxf2+ 25. Kxf2
$16) 22... h4 $2 {Die Stellung ist undurchsichtig und die Zeit ist knapp! Die
Fehler häufen sich ...} ({Nach} 22... b6 $1 {ist Stockfish mit der schwarzen
Stellung wieder voll zufrieden.}) 23. gxh4 Rxh4 24. c5 $1 g3 $6 ({Die
Alternative} 24... Rxc5 25. Rxc5 dxc5 26. Nf5 Rh7 {fand ich etwas passiv und
dubios. Lieber Krawall!?}) 25. fxg3 Re4 {27 - 11} 26. cxd6 Rxc1 27. Qxc1 Bh6
28. Nc7+ $2 {Jetzt greift Weiß daneben.} (28. Qc7 $1 Bxe3+ 29. Kf1 Qxc7 (29...
Qa8 {hatte ich von Weitem geplant, aber das sieht gar nicht gut aus:} 30. dxe7
Rxe7 31. Qc3 Kf8 32. Nf5 $1 {und Schwarz ist geplatzt})) 28... Kf8 29. dxe7+
Rxe7 30. Rd3 Bxa4 $4 {21 - 7. Relativ schnell gespielt, schade, es war gar
nicht so schwierig:} (30... Bxe3+ 31. Rxe3 Rxe3 $19 32. Qxe3 $4 Qe1+ 33. Kh2
Ng4+) 31. Ncb5 {den hatte ich nicht gesehen ...} Bxb5 32. Nxb5 Qxb5 $2 {
nach den ganzen Aufregungen wollte ich hier kein Risiko eingehen ...} (32...
Bxe3+ {hatte ich immer noch nicht gesehen ...}) (32... Qb6 {hatte ich erwogen,
aber schien mir nicht so klar. Mit 1 Minute auf der Uhr entschied ich mich
für das Endspiel "auf 2 Ergebnisse".}) 33. Rd8+ Kg7 34. Bxb5 Bxe3+ 35. Qxe3
Rxe3 36. Kf2 Rb3 37. Bd3 Ng4+ 38. Ke1 Ne5 39. Be2 Rxg3 40. Rd5 Kf6 41. Rb5 Rxg2
42. Rxb7 {Das Endspiel bietet leider wenig Chancen ... die Tablebase zeigt
ungerührt 0.00} Kg5 43. Kd2 Rh2 44. Ke3 Rh3+ 45. Kd4 f6 46. Rg7+ Kf5 47. Rg8
Kf4 48. Rf8 (48. Rg1 Nf3+ $2 49. Bxf3 Rxf3 50. Kd5 $11) 48... Kf5 (48... f5
$142 {Ich befürchtete darauf das Manöver Ld3-a6-c8 - aber das geht gar nicht:
} 49. Ba6 Ra3 50. Bc8 $2 Rd3+ 51. Kc5 Nd7+ $19) 49. Rg8 Kf4 50. Rf8 Kf5 51. Ba6
Ra3 52. Bc8+ Kg6 53. Be6 Nf3+ 54. Kc5 Ng5 55. Bd5 Kf5 56. Kb4 Ra7 57. Bb3 Rc7
58. Ba2 Ke5 59. Re8+ Kf4 60. Bd5 f5 61. Rg8 Re7 62. Rg6 Kg4 63. Rf6 f4 64. Kc4
Re3 65. Rf8 Ra3 66. Rg8 {es geht nicht weiter ...} f3 67. Bxf3+ Rxf3 68. Kd4
Rf7 69. Ke5 Rf5+ 70. Kd4 Kf4 71. Re8 Nf3+ 72. Kc4 Rf7 73. Rd8 Ke4 74. Re8+ Ne5+
75. Kc3 Rc7+ 76. Kb4 Kd4 77. Kb5 Rb7+ 78. Ka6 Rb1 79. Rh8 Nd7 80. Rh4+ Kd5 81.
Rh5+ Kc6 82. Rh6+ Kc7 83. Rh7 Rb2 84. Ka5 1/2-1/2

[Event "LL Nord Bremen-Nord -Werder 3  "]
[Site "?"]
[Date "2019.11.24"]
[Round "3.6"]
[White "Lunkmoss, Gerhard"]
[Black "Franke, Reiner"]
[Result "0-1"]
[WhiteElo "2006"]
[BlackElo "2182"]
[Annotator "RF"]
[PlyCount "84"]
[EventDate "2019.??.??"]

1. e4 c5 2. Nf3 Nc6 3. d4 cxd4 4. Nxd4 g6 5. Nc3 Bg7 6. Be3 Nf6 7. Nb3 O-O 8.
Be2 d6 9. O-O a6 10. a4 Be6 11. Nd4 Nxd4 (11... d5 {Panjwanis (p.24) Anregung
ohne a6/a4.} 12. Nxe6 fxe6 13. exd5 (13. f3 $4 d4) 13... exd5 $11) 12. Bxd4 Rc8
13. f3 Qa5 14. Be3 Rfd8 {Durch das Hin- und Zurückziehen ohne schwarze
positionelle Zugeständnisse hat Schwarz einen leichten (Turm-)
Entwicklungsvorsprung.} 15. Qe1 Nd7 16. Bd3 Ne5 (16... Bxc3 17. bxc3 Qxc3 18.
Qxc3 Rxc3 19. Rfb1 $15) (16... Rxc3 17. Rb1 (17. Bd2 $2 Qb6+ $19 18. Be3 Qxb2)
(17. Ra3 Qb4 18. Rxc3 Bxc3 19. Qxc3 Qxc3 20. bxc3 $11) 17... Rc5 18. b4 Qxa4
19. bxc5 Nxc5 $15 20. Bxc5 $6 dxc5 21. Rxb7 c4 22. Be2 Qxc2 23. Rxe7 $2 Bc3)
17. Qf2 (17. Nd5 {Wäre zäher gewesen.} Qxe1 18. Rfxe1 Bxd5 19. exd5 Nxd3 20.
cxd3 Bxb2 21. Rab1 Rc2 {In der Vorausschau war ich mir nicht sicher, ob das
ausreichende Gewinnaussichten bieten würde. Hätte aber so spielen müssen 
(und dann eben weitergesehen), weswegen ich mich fragte, ob ich hätte
wirklich 16... Se5 ziehen sollen. SF ist allerdings mit dieser Abwicklung ganz
zufrieden: um -1.50.} 22. Bb6 Re8 23. Re4 Be5 24. Bf2 Rd2 25. d4 (25. Rxb7 Rc8)
25... f5) 17... Qb4 18. Rab1 d5 $5 $19 {Thema-Erweiterung. Und man ist ja
glücklich, wenn dies auch SF's erste Wahl ist.} 19. exd5 Nxd3 20. cxd3 Bxd5
21. d4 Bb3 22. Ra1 Rxd4 23. Kh1 Rd3 24. a5 h5 25. Bb6 Qf4 {Zum Glück gibt es
neben Lxc3 und ein Turm auf die zweite Reihe noch ein zusätzliches Thema:
eine Schwächung der langen Diagonalen a8-h1 provozieren. Noch besser wäre
aber wohl zuvor h4 gewesen. (Wenngleich SF f5+Lf6 leicht bevorzugt und nachher
"freiwillig" f3-f4 spielen will.)} (25... h4 26. h3 (26. Ne4 h3) 26... Qf4) 26.
Qg3 Qxg3 27. hxg3 Be5 28. Ne4 (28. Bf2 Rd2) (28. f4 {Danach kann man sich Lxc3
schon viel eher überlegen, wenn dies auch nicht unbedingt sofort ein muss.})
28... Bd5 29. Nc5 Rd2 30. Rad1 Rxd1 31. Rxd1 Bc6 {Läuferpaar.} 32. f4 Bxb2 33.
Re1 e6 34. Nd3 Bf6 35. Ne5 Bd5 36. Nd7 Bd8 37. Rd1 Bxb6 38. axb6 Kg7 39. Kg1 f6
40. Ra1 {Sonst geht es dem Sd7 an den Kragen.} Rc2 41. Ra5 Rxg2+ 42. Kf1 Rb2
0-1

[Event "LL Nord Bremen-Nord -Werder 3"]
[Site "?"]
[Date "2019.11.24"]
[Round "3.8"]
[White "Rockmann, Jan-Okke"]
[Black "Brinkmann, Fabian"]
[Result "0-1"]
[WhiteElo "1924"]
[BlackElo "2107"]
[PlyCount "86"]

1. e4 c6 2. Nf3 d5 3. Nc3 Bg4 4. h3 Bxf3 5. Qxf3 Nf6 6. g3 e6 7. d3 Be7 8. Bg2
O-O 9. O-O Nbd7 10. Qe2 a5 11. a4 Nc5 12. f4 dxe4 13. dxe4 Qb6 14. Kh2 Rfd8 15.
g4 Qa6 16. Qf3 Rd7 17. g5 Ne8 18. e5 g6 19. Be3 Ng7 20. Bxc5 Bxc5 21. Ne4 Be7
22. Nf6+ Bxf6 23. gxf6 Nf5 24. Rad1 Rad8 25. Rxd7 Rxd7 26. Rd1 Rd5 27. Rxd5
exd5 28. Bf1 Qb6 29. Bd3 Nd4 30. Qg4 Ne6 31. f5 Qf2+ 32. Kh1 Qe1+ 33. Kg2 Qd2+
34. Kf3 h5 35. Qg1 Qf4+ 36. Kg2 gxf5 37. Qh2 Qd2+ 38. Kh1 Qe1+ 39. Qg1+ Qxg1+
40. Kxg1 f4 41. c3 Nc5 42. Bc2 Nd7 43. b4 b6 0-1

[Event "LL Nord Werder 3 - SK Osnabrück"]
[Site "?"]
[Date "2019.12.08"]
[Round "4.1"]
[White "Hummel, Dirk"]
[Black "Kardoeus, David"]
[Result "1/2-1/2"]
[WhiteElo "2225"]
[BlackElo "2136"]
[PlyCount "151"]
[EventDate "2017.12.10"]

1. c4 Nf6 2. Nc3 g6 3. Nf3 Bg7 4. g3 O-O 5. Bg2 d6 6. O-O c5 7. d4 Nc6 8. d5
Na5 9. Nd2 a6 10. Rb1 Ng4 11. Qc2 b5 12. h3 Ne5 13. cxb5 axb5 14. Nxb5 Qb6 15.
Nc3 Bf5 16. Nce4 h5 17. Rd1 Rfb8 18. b3 Qa6 19. Nf1 Nb7 20. a3 Na5 21. Ne3 Bxe4
22. Bxe4 f5 23. Bd3 Nxd3 24. Rxd3 c4 25. bxc4 Rxb1 26. Qxb1 Nxc4 27. Nxc4 Qxc4
28. Bg5 Kf7 29. Qb7 Re8 30. Qd7 Qc8 31. Qa4 Qa8 32. Qf4 Qa7 33. e4 Be5 34. Qf3
Rf8 35. Bh6 Bg7 36. Bxg7 Kxg7 37. Re3 fxe4 38. Qxe4 Rf7 39. Kg2 Kh6 40. a4 Qc5
41. Rf3 Kg7 42. h4 Qa7 43. Rxf7+ Kxf7 44. Qe6+ Kg7 45. a5 Qb7 46. Kh3 Kf8 47.
Kh2 Qa7 48. Kg1 Qxa5 49. Kg2 Qd2 50. Qc8+ Kg7 51. Qe6 Kh6 52. Qg8 Qd4 53. Qf8+
Qg7 54. Qf4+ Kh7 55. Qe4 Qf6 56. f3 Kg7 57. Kh3 Qe5 58. Qxe5+ dxe5 59. Kg2 Kf7
60. Kf2 Ke8 61. Ke3 Kd7 62. Ke4 Kd6 63. g4 e6 64. dxe6 Kxe6 65. gxh5 gxh5 66.
f4 exf4 67. Kxf4 Kf6 68. Ke4 Kg7 69. Kf5 Kh8 70. Kg5 Kg7 71. Kxh5 Kh8 72. Kg6
Kg8 73. h5 Kh8 74. h6 Kg8 75. h7+ Kh8 76. Kh6 1/2-1/2

[Event "LL Nord Werder 3 - SK Osnabrück"]
[Site "?"]
[Date "2019.12.08"]
[Round "4.2"]
[White "Steffens, Olaf"]
[Black "Wiebelinski, Paul Martin"]
[Result "0-1"]
[WhiteElo "2153"]
[BlackElo "2124"]
[PlyCount "106"]
[EventDate "2017.12.10"]

1. c3 c5 2. Qa4 Nc6 3. g4 g6 4. Bg2 Bg7 5. d3 e5 6. Nd2 d5 7. Nf1 Nge7 8. Ng3
Rb8 9. g5 b5 10. Qc2 Be6 11. Nf3 b4 12. h4 bxc3 13. bxc3 Qa5 14. Bd2 O-O 15. h5
c4 16. dxc4 e4 17. Nd4 Bxd4 18. cxd4 Nxd4 19. Qd1 Qc7 20. Rc1 Bg4 21. cxd5 Qb6
22. Bxe4 Nef5 23. Nxf5 gxf5 24. Bd3 Nxe2 25. Bxe2 Rfe8 26. Be3 Rxe3 27. fxe3
Qxe3 28. Qd2 Qg3+ 29. Kd1 Qg2 30. Re1 Bxe2+ 31. Rxe2 Qg1+ 32. Qe1 Qd4+ 33. Qd2
Qg1+ 34. Kc2 Qc5+ 35. Qc3 Qxd5 36. Rd2 Qxa2+ 37. Kd1 Qa4+ 38. Rcc2 Rb1+ 39. Ke2
Qe4+ 40. Qe3 Re1+ 41. Kxe1 Qxe3+ 42. Kf1 Qf3+ 43. Ke1 Qh1+ 44. Kf2 Qxh5 45.
Rd8+ Kg7 46. Rcc8 Qh4+ 47. Kf3 Qe4+ 48. Kf2 Kg6 49. Rg8+ Kh5 50. Rce8 Qf4+ 51.
Ke2 Kg4 52. Rd8 Qc4+ 53. Kd2 f4 0-1

[Event "LL Nord Werder 3 - SK Osnabrück"]
[Site "?"]
[Date "2019.12.08"]
[Round "4.3"]
[White "Woestmann, Hans-Joachim"]
[Black "Franke, Reiner"]
[Result "1-0"]
[WhiteElo "2080"]
[BlackElo "2191"]
[PlyCount "101"]
[EventDate "2017.12.10"]

1. Nf3 d5 2. d4 e6 3. c4 c6 4. Qc2 dxc4 5. Qxc4 Nf6 6. Bg5 Be7 7. e3 b5 8. Qc2
Bb7 9. Nbd2 Nbd7 10. Be2 a6 11. a4 Rc8 12. Qb1 Nd5 13. Bxe7 Qxe7 14. O-O O-O
15. Rc1 N5b6 16. b3 b4 17. Ne4 c5 18. Nxc5 Nxc5 19. Rxc5 Rxc5 20. dxc5 Qxc5 21.
Qf1 a5 22. Rc1 Qd5 23. Nd4 e5 24. Bf3 Qd7 25. Nc6 Bxc6 26. Rxc6 Nd5 27. Qb5 e4
28. Bxe4 Nc3 29. Qd3 Qe7 30. Bf3 Rd8 31. Qc4 g6 32. g3 Rd7 33. Kg2 Nb1 34. Qc5
Nd2 35. Bd5 Qxc5 36. Rxc5 Ra7 37. f4 Nb1 38. e4 Nc3 39. Kf2 h5 40. Ke3 Kf8 41.
Rc8+ Ke7 42. Kd4 Kd6 43. Rc6+ Ke7 44. Rc8 Kd6 45. Ra8 Ne2+ 46. Ke3 Rxa8 47.
Bxa8 Nc1 48. Bd5 f5 49. Bf7 fxe4 50. Kxe4 Ke7 51. Bc4 1-0

[Event "LL Nord Werder 3 - SK Osnabrück"]
[Site "?"]
[Date "2019.12.08"]
[Round "4.4"]
[White "Lai Hop, Duong"]
[Black "Schiermeyer, Lukas"]
[Result "0-1"]
[WhiteElo "2180"]
[BlackElo "2052"]
[PlyCount "166"]
[EventDate "2017.12.10"]

1. d4 d5 2. Bf4 Nf6 3. e3 e6 4. Nf3 Be7 5. Nbd2 Nbd7 6. Bd3 c5 7. c3 c4 8. Bc2
O-O 9. h3 a5 10. g4 b5 11. Ne5 Bb7 12. Qf3 Nxe5 13. Bxe5 Nd7 14. Bf4 e5 15.
Bxe5 Nxe5 16. dxe5 Qc7 17. O-O Qxe5 18. Qf5 Qxf5 19. Bxf5 g6 20. Bd7 b4 21. Nf3
a4 22. cxb4 Rfd8 23. Bb5 Bf6 24. Nd4 a3 25. b3 Ba6 26. bxc4 dxc4 27. Bxa6 Bxd4
28. exd4 Rxa6 29. Rfd1 Rb6 30. Rac1 Rxb4 31. Rc3 Ra4 32. Kg2 Rb8 33. d5 Kf8 34.
Kf3 Ke7 35. d6+ Kd7 36. Re3 Re8 37. Rxe8 Kxe8 38. Ke4 Kd7 39. Kd5 c3 40. Rc1
Ra6 41. Rxc3 Rxd6+ 42. Kc4 Rc6+ 43. Kb4 Rb6+ 44. Kxa3 Ke6 45. Re3+ Kd6 46. Rb3
Ra6+ 47. Kb2 Ke5 48. Rb4 Rd6 49. Kc3 Rd1 50. f4+ Ke6 51. Rb6+ Ke7 52. f5 Rh1
53. f6+ Kd7 54. Rb7+ Ke6 55. g5 Rxh3+ 56. Kb4 h5 57. a4 Rh1 58. Re7+ Kf5 59.
Rxf7 Kxg5 60. a5 Rb1+ 61. Kc5 h4 62. a6 h3 63. Rb7 Rc1+ 64. Kd6 h2 65. Rh7 Kxf6
66. a7 Ra1 67. Rxh2 Rxa7 68. Rf2+ Kg5 69. Rg2+ Kf4 70. Rf2+ Kg3 71. Rf6 g5 72.
Ke5 Re7+ 73. Kf5 g4 74. Rg6 Rf7+ 75. Kg5 Kf3 76. Ra6 g3 77. Ra3+ Kg2 78. Kg4
Rg7+ 79. Kh4 Kh2 80. Rb3 g2 81. Rh3+ Kg1 82. Rf3 Re7 83. Ra3 Kf2 0-1

[Event "LL Nord Werder 3 - SK Osnabrück"]
[Site "?"]
[Date "2019.12.08"]
[Round "4.5"]
[White "Velthuis, Geert"]
[Black "Elmali, Timur"]
[Result "0-1"]
[WhiteElo "1961"]
[BlackElo "2130"]
[PlyCount "126"]
[EventDate "2017.12.10"]

1. e4 d6 2. d4 Nf6 3. Bd3 Nc6 4. c3 e5 5. d5 Ne7 6. Ne2 c6 7. c4 Ng6 8. Nbc3
Be7 9. f3 Qb6 10. Na4 Qd8 11. Be3 b5 12. Nac3 bxc4 13. Bxc4 c5 14. O-O O-O 15.
a3 Rb8 16. Qd2 h6 17. Rfb1 a5 18. Na2 Qc7 19. Rc1 a4 20. Rab1 Bd7 21. b4 axb3
22. Rxb3 Rxb3 23. Bxb3 Ra8 24. Bc4 Rxa3 25. Nac3 Ra8 26. Qd3 Ne8 27. Nb5 Qb6
28. Nec3 Nc7 29. Rb1 Nxb5 30. Nxb5 Rb8 31. Nc3 Qa7 32. Nb5 Qa4 33. g3 Nf8 34.
Bd2 Qa6 35. Bc3 Qb6 36. Na3 Qa7 37. Ra1 Qb6 38. Rb1 Qd8 39. Nb5 Ra8 40. Kg2 Bc8
41. f4 exf4 42. gxf4 Ng6 43. Qg3 Bh4 44. Qe3 Qd7 45. Kh1 Ra4 46. Be2 Qe7 47.
Bf3 Bf6 48. Nxd6 Qxd6 49. e5 Qe7 50. Rb8 Qc7 51. Rxc8+ Qxc8 52. exf6 Rxf4 53.
fxg7 Qd7 54. Bg2 c4 55. Qb6 Qe8 56. d6 f6 57. Bd5+ Kxg7 58. Qa7+ Kh8 59. d7
Rf1+ 60. Kg2 Qe2+ 61. Kg3 Qd3+ 62. Kg4 Rf4+ 63. Kh5 Rh4# 0-1

[Event "LL Nord Werder 3 - SK Osnabrück"]
[Site "?"]
[Date "2019.12.08"]
[Round "4.6"]
[White "Brinkmann, Fabian"]
[Black "Ellerbrake, Sven"]
[Result "1-0"]
[WhiteElo "2107"]
[BlackElo "1893"]
[PlyCount "67"]
[EventDate "2017.12.10"]

1. d4 Nf6 2. c4 g6 3. Nc3 d5 4. cxd5 Nxd5 5. Bd2 Bg7 6. e4 Nxc3 7. Bxc3 O-O 8.
Qd2 b6 9. Nf3 Bb7 10. Bd3 e6 11. h4 h6 12. h5 g5 13. e5 Nd7 14. Bc2 c5 15. dxc5
Nxc5 16. Qe3 Rc8 17. Rd1 Qe7 18. Nh2 Rfd8 19. O-O Nd7 20. Ng4 Nf8 21. Bb1 Rc4
22. Nf6+ Kh8 23. Rxd8 Qxd8 24. Qe2 Bd5 25. Rd1 Bxf6 26. exf6 Rh4 27. Be5 Qa8
28. f3 Qc6 29. Bg3 Rc4 30. f4 Rc1 31. fxg5 Bxg2 32. g6 fxg6 33. hxg6 Nxg6 34.
Bxg6 1-0

[Event "LL Nord Werder 3 - SK Osnabrück"]
[Site "?"]
[Date "2019.12.08"]
[Round "4.7"]
[White "Meyer, Bernd"]
[Black "Heldt, Nils-Lennart"]
[Result "1/2-1/2"]
[WhiteElo "1781"]
[BlackElo "2070"]
[PlyCount "107"]
[EventDate "2017.12.10"]

1. Nf3 d5 2. g3 c6 3. Bg2 Bg4 4. d3 Nd7 5. h3 Bxf3 6. Bxf3 e5 7. O-O Ngf6 8.
Nd2 Bc5 9. e4 O-O 10. Qe2 Re8 11. Bg2 a5 12. a4 h6 13. Nf3 Qb6 14. Nh4 Bf8 15.
b3 Nc5 16. Nf5 Qa6 17. Re1 dxe4 18. dxe4 Qxe2 19. Rxe2 Ne6 20. Bb2 g6 21. Ne3
Nd4 22. Rd2 Bc5 23. Rad1 b5 24. Kf1 Reb8 25. axb5 cxb5 26. Bxd4 Bxd4 27. Nd5
Nxd5 28. exd5 Ra6 29. Rd3 b4 30. Rxd4 exd4 31. Rxd4 Rc8 32. Be4 Rd6 33. Bd3 Kg7
34. f4 f5 35. Kf2 Kf6 36. Bc4 g5 37. Kf3 Re8 38. Rd1 gxf4 39. gxf4 h5 40. Ra1
Ra8 41. Rb1 a4 42. bxa4 Rxa4 43. Bb3 Ra3 44. Rd1 h4 45. Ke3 Ra8 46. Kd4 Rc8 47.
Rd3 Rd7 48. Re3 Rd6 49. Bc4 Rc7 50. Re5 Rb6 51. Bd3 b3 52. Rxf5+ Ke7 53. cxb3
Rxb3 54. Re5+ 1/2-1/2

[Event "LL Nord Werder 3 - SK Osnabrück"]
[Site "?"]
[Date "2019.12.08"]
[Round "4.8"]
[White "Buescher, Andre"]
[Black "Berling, Justin"]
[Result "0-1"]
[WhiteElo "1977"]
[BlackElo "1756"]
[PlyCount "44"]
[EventDate "2017.12.10"]

1. e4 e5 2. Nf3 Nc6 3. Bb5 a6 4. Ba4 Nf6 5. O-O Be7 6. d3 b5 7. Bb3 O-O 8. Re1
Bb7 9. Nc3 Na5 10. Nxe5 Nxb3 11. axb3 d5 12. Qf3 dxe4 13. Nxe4 Nxe4 14. dxe4 f5
15. Be3 Bd6 16. Rad1 Qe7 17. Qg3 Bxe5 18. f4 Bd6 19. e5 Bc5 20. Qf2 Bxe3 21.
Rxe3 Rad8 22. Red3 Rxd3 {Notation unklar, später ...} 0-1

[Event "LL Nord Nordhorn-Blanke 2 -Werder 3"]
[Site "?"]
[Date "2020.01.19"]
[Round "5.3"]
[White "Colbow, Collin"]
[Black "Scheffner, Jano"]
[Result "1/2-1/2"]
[WhiteElo "2098"]
[BlackElo "1900"]
[Annotator "Colbow,Collin"]
[PlyCount "122"]
[EventDate "2020.??.??"]

{[%evp 0,122,19,21,31,37,24,15,22,26,24,-45,-16,-20,-32,-32,-24,-22,-19,-37,24,
18,28,5,42,21,59,39,59,63,47,23,26,1,12,-30,-30,6,-6,18,47,30,36,0,34,-60,-43,
-40,15,19,17,52,69,109,38,50,48,56,50,2,-4,-4,-15,0,-4,-38,86,12,7,9,0,-1,0,0,
0,0,12,21,-22,-25,-34,-20,-24,-27,-1,-6,-1,-1,18,14,31,31,33,33,42,31,16,8,42,
24,31,0,0,6,0,15,14,14,13,13,13,13,13,13,13,13,12,12,12,2,8,4,8,6,2]} 1. e4 e5
2. Nf3 Nc6 3. Bb5 Nf6 4. d3 d6 5. c3 a6 6. Ba4 Be7 7. O-O O-O 8. Nbd2 b5 9. Bc2
Nb8 10. Re1 c5 11. Nf1 Re8 12. Ne3 h6 13. a4 Bb7 14. Nf5 Bf8 15. h3 d5 16. Qe2
Nbd7 17. Nh2 dxe4 18. dxe4 c4 19. Ng4 Nc5 20. Rd1 Nfd7 21. Qf3 Re6 22. Nge3 g6
23. Ng3 Qf6 24. Qe2 h5 25. Nd5 Bxd5 26. exd5 Ree8 27. Ne4 Nxe4 28. Bxe4 Nc5 29.
d6 Rab8 30. axb5 axb5 31. d7 Red8 32. g4 hxg4 33. Qxg4 Nxe4 34. Qxe4 Bc5 35.
Be3 Bxe3 36. fxe3 Qe6 37. Qd5 Qxd5 38. Rxd5 Rb7 39. Ra5 Rdxd7 40. Rxd7 Rxd7 41.
Rxb5 Rd2 42. Rxe5 Rxb2 43. Re4 Re2 44. Kf1 Rh2 45. h4 Kg7 46. Rxc4 Kf6 47. Rf4+
Ke6 48. c4 f5 49. Rd4 Ke5 50. Ke1 Rb2 51. Rd2 Rb4 52. Rc2 Kd6 53. Ke2 Kc5 54.
Kf3 Rb1 55. Rg2 Rh1 56. Rxg6 Rxh4 57. Rg5 Rxc4 58. Rxf5+ Kd6 59. e4 Ke6 60. Ra5
Rc1 61. Kf4 Rf1+ 1/2-1/2

[Event "LL Nord Nordhorn-Blanke 2 -Werder 3"]
[Site "?"]
[Date "2020.01.19"]
[Round "5.4"]
[White "Meijerink, Juergen"]
[Black "Buchal, Stephan"]
[Result "0-1"]
[WhiteElo "2000"]
[BlackElo "2248"]
[Annotator "Stephan"]
[PlyCount "94"]

{100 Min. / 40 Züge + 50 Min. / Rest + 30 Sek.} 1. e4 d6 2. d4 Nf6 3. Nc3 g6
4. Nf3 Bg7 5. Be2 O-O {99 - 102} 6. Be3 {Ein ungewöhnlicher Zug, der
natürlich die Frage aufwirft, ob 6... Sg4 eine angemessene Antwort darstellt.}
c6 ({Stockfish empfiehlt hier das interessante} 6... b6 {und setzt dann mit} 7.
Qd2 Bb7 8. h4 $5 {fort. Sehr unternehmungslustig. Schwarz sollte den
angebotenen Bauern eher nicht nehmen, z.B.} Bxe4 (8... Nxe4 9. Nxe4 Bxe4 10. h5
$16) 9. h5 $16) (6... Ng4 7. Bg5 h6 8. Bh4 Nf6 {ist vielleicht spielbar, weil
der Lh4 nicht ideal steht und keinen Druck auf den Damenflügel ausübt.}) 7.
h3 Nbd7 ({Marin empfiehlt hier eher} 7... Qc7 {wegen der Anmerkung nach dem 9.
Zug ...}) 8. a4 Qc7 9. O-O e5 (9... b6 10. Nd2 {bereitet die Expansion am
Königsflügel vor!} (10. Qd2 {danach kann Schwarz seinen normalen Plan
durchführen:} Bb7 11. Rfe1 e5 {und dann ...a6 und ...b5.}) 10... Bb7 11. f4 a6
12. e5 Ne8 13. Nce4 c5 14. c3 Bh6 {Es sieht so aus als würde das weiße
Zentrum kollabieren, aber:} 15. Qe1 $1 Ng7 (15... dxe5 $2 16. dxe5 Nxe5 $4 17.
Qh4 $18) 16. g4 $16 {Weiß hat seinen Raumvorteil konsolidiert, Schwarz hat
kein Gegenspiel.}) 10. Qd2 ({S. 39: "Black experiences some micro-problems
after} 10. dxe5 dxe5 11. a5 Rd8 {preventing White's activity along the d-file}
12. Qb1 Nf8 13. Qa2 $14 {Unfortunately, the most desirable move} Ne6 {loses
the exchange} (13... Be6 $142 14. Qa4 Nh5 15. Rfd1 Nf4 16. Bf1 h6 $14 {etwas
unbequem?}) 14. Bb6 axb6 15. axb6 $16) 10... exd4 {82 - 78} 11. Nxd4 (11. Bxd4
Re8 12. Bc4 Ne5 13. Nxe5 dxe5 14. Be3 Rd8 15. Qe2 Nh5 $11) 11... Re8 12. f3 b6
(12... a6 {Stockfish. Hat gegenüber der Partie den Vorteil, dass das Feld b5
unter Kontrolle ist. Schafft aber ein Loch auf b6.} 13. a5 d5 14. Nb3 (14. exd5
cxd5) 14... dxe4 15. fxe4 Nxe4 16. Nxe4 Rxe4 17. Rae1 $44) 13. Nb3 Bb7 (13...
a6 $5 {schien mir etwas langsam zu sein, ist aber sehr okay!} 14. Rad1 d5 15.
Bf4 Ne5 16. exd5 Nxd5 17. Nxd5 cxd5 18. Qxd5 $2 Bf5 $36) 14. Rad1 d5 15. Bf4
Ne5 {65 - 52} 16. exd5 cxd5 (16... Nxd5 {ist ebenfalls Ausgleich.} 17. Nxd5
cxd5 18. Rfe1 (18. Nd4 Qc5 $11) 18... Bc6 19. a5 Rac8 $11) 17. Nb5 Qd7 (17...
Qe7) 18. Qb4 $6 (18. Rfe1 $142 a6 19. Nc3 Bc6 $11) 18... Nh5 19. Bh2 a6 20.
N5d4 Nc6 {34 - 21} 21. Nxc6 Qxc6 22. Bd3 Bxb2 $2 (22... a5 23. Qg4 Ba6 $15) 23.
Rb1 $2 (23. Na5 $1 {völlig übersehen.} bxa5 24. Qxb2 $11) ({Ich hatte nur} 
23. Nd4 Qc3 $17 {auf der Rechnung}) 23... Bc3 $19 24. Qh4 Bf6 25. Qb4 Bc3 {
22 - 20} 26. Qh4 b5 $6 (26... Re3) 27. axb5 axb5 28. Qf2 Ra4 29. Kh1 Ba6 30.
Qc5 Rc8 {18 - 8} 31. Qxc6 Rxc6 $15 32. Rfd1 Nf6 33. Bg1 b4 34. Bxa6 Raxa6 35.
Nd4 Rc4 {9 - 4} 36. Ne2 Be5 37. f4 $2 Bc7 $1 (37... Bxf4 $2 38. Nxf4 Rxf4 39.
Bd4 $15) 38. Nd4 $2 Bxf4 39. Rf1 Be5 40. Rbd1 Ne4 $19 {2 - 0} 41. Rf3 Ng3+ 42.
Rxg3 Bxg3 43. Rd3 Rc3 44. Rd2 Bf4 45. Re2 Ra1 46. Re8+ Kg7 47. Ne2 Re3 0-1

[Event "LL Nord Nordhorn-Blanke 2 -Werder 3"]
[Site "?"]
[Date "2020.01.19"]
[Round "5.8"]
[White "Rosin, Michael"]
[Black "Bart, Semjon"]
[Result "0-1"]
[WhiteElo "1955"]
[BlackElo "2086"]
[Annotator "Stephan"]
[PlyCount "72"]

{100 Min. / 40 Züge + 50 Min. / Rest + 30 Sek.} 1. e4 c5 2. Nf3 d6 3. c3 Nf6
4. Bb5+ Nc6 5. Qe2 Bd7 6. d4 cxd4 7. cxd4 a6 8. Ba4 b5 9. Bb3 Bg4 10. Be3 e6
11. Nbd2 Be7 12. O-O O-O 13. Rac1 Rc8 14. h3 Bh5 15. a4 bxa4 16. Bxa4 Nb4 17.
Rxc8 Qxc8 18. Bf4 d5 19. e5 Nd7 20. Qe3 Nb6 21. Bb3 Bg6 22. Bg5 Bxg5 23. Qxg5
Nd3 24. Qe7 Nxb2 25. Qb4 N6c4 26. Bxc4 Nxc4 27. Rc1 Qb8 28. Qa4 Nxd2 29. Nxd2
Qb2 30. Qd1 Qxd4 31. Qe1 h6 32. Nb3 Qb2 33. Na5 Rb8 34. Nc6 Qxc1 35. Qxc1 Rb1
36. Ne7+ Kh7 0-1